000
00316 a2200133 4500
000
nam a22 7a 4500
100
_a
Singh, Ranvijay
110
_a
Singh, Ranvijay
245
_a
Food Hospitality
250
_a
Latest edition
260
_b
ABD Publishers
_c
2016
264
_b
ABD Publishers
_c
2016
942
_c
BK
999
_c
395681
_d
395681